[Event "FICS rated blitz game"]
[Site "FICS freechess.org"]
[Date "2018.01.29"]
[Round "?"]
[White "Sincerias"]
[Black "ftessier"]
[Result "0-1"]
[WhiteElo "1182"]
[BlackElo "1189"]
[PlyCount "56"]
[EventDate "2018.??.??"]
[EventType "blitz"]

1. e4 e5 2. Nf3 Nc6 3. c3 Nf6 4. d4 d6 5. d5 Ne7 6. Bg5 c6 7. c4 cxd5 8. Bxf6
gxf6 9. cxd5 Bg7 10. Qa4+ Bd7 11. Bb5 Bxb5 12. Qxb5+ Qd7 13. Qxb7 Qxb7 14. O-O
Qxb2 15. Nbd2 O-O 16. Rfb1 Qc3 17. Rc1 Qa5 18. Rc6 Rad8 19. Nc4 Qa4 20. Nxd6
Nxc6 21. Nf5 Nd4 22. Ne7+ Kh8 23. Nxd4 Qxd4 24. Rf1 Rb8 25. Nf5 Qxe4 26. Nxg7
Kxg7 27. d6 Rfd8 28. f3 Qd4+ {White resigns} 0-1

[Event "FICS rated blitz game"]
[Site "FICS freechess.org"]
[Date "2018.01.29"]
[Round "?"]
[White "capricornus"]
[Black "RcSm"]
[Result "0-1"]
[WhiteElo "1288"]
[BlackElo "1179"]
[PlyCount "46"]
[EventDate "2018.??.??"]
[EventType "blitz"]

1. e4 e5 2. Nf3 Nc6 3. c3 d6 4. b4 Bg4 5. Be2 h6 6. b5 Nce7 7. Bb2 Ng6 8. O-O
Nf4 9. d3 Nxe2+ 10. Qxe2 Nf6 11. d4 Be7 12. dxe5 dxe5 13. Qe3 Bxf3 14. Qxf3 O-O
15. c4 Bd6 16. Rd1 b6 17. Bxe5 Bxe5 18. Rxd8 Raxd8 19. Nc3 Bxc3 20. Qxc3 Nxe4
21. Qe3 Rfe8 22. Qf4 Nc3 23. h3 Ne2+ {White resigns} 0-1

[Event "FICS rated blitz game"]
[Site "FICS freechess.org"]
[Date "2018.01.29"]
[Round "?"]
[White "fusjstone"]
[Black "yonif"]
[Result "0-1"]
[WhiteElo "1705"]
[BlackElo "1716"]
[PlyCount "90"]
[EventDate "2018.??.??"]
[EventType "blitz"]

1. e4 e5 2. Nf3 Nc6 3. c3 d5 4. exd5 Qxd5 5. d3 Bg4 6. Be2 O-O-O 7. O-O Nf6 8.
b4 Bf5 9. a4 Bxd3 10. b5 Bxe2 11. Qxe2 e4 12. bxc6 exf3 13. cxb7+ Kb8 14. Qxf3
Qxf3 15. gxf3 Bc5 16. Be3 Bxe3 17. fxe3 Kxb7 18. Na3 Rhe8 19. e4 Rd2 20. Nb5 a6
21. Nd4 c5 22. Rab1+ Kc7 23. Nb3 Rc2 24. Nxc5 Rxc3 25. Nxa6+ Kc6 26. Nb4+ Kc5
27. a5 Re5 28. a6 Rg5+ 29. Kh1 Ra3 30. Rfc1+ Kd6 31. Rc6+ Ke5 32. Rc2 Kf4 33.
Rg2 Rga5 34. Rf1 Ra1 35. Rgf2 R5a4 36. Nd3+ Ke3 37. Nc5 Ra5 38. Nb3 Rxf1+ 39.
Rxf1 Rxa6 40. Re1+ Kf2 41. Rb1 Kxf3 42. Nd2+ Ke2 43. Nc4 Nxe4 44. Nb2 Nf2+ 45.
Kg1 Rg6# {White checkmated} 0-1

[Event "FICS rated blitz game"]
[Site "FICS freechess.org"]
[Date "2018.01.29"]
[Round "?"]
[White "DonBlasDeLezo"]
[Black "AnonimateKing"]
[Result "0-1"]
[WhiteElo "1361"]
[BlackElo "1446"]
[PlyCount "54"]
[EventDate "2018.??.??"]
[EventType "blitz"]

1. e4 e5 2. Nf3 Nc6 3. c3 d6 4. d4 Bg4 5. d5 Nce7 6. Be2 Ng6 7. Be3 Bxf3 8.
Bxf3 Nf6 9. Nd2 h6 10. h3 c6 11. Qa4 Qd7 12. c4 cxd5 13. Qxd7+ Nxd7 14. cxd5
Rc8 15. O-O Be7 16. Rfc1 O-O 17. a3 f5 18. Bxa7 b6 19. Rc3 Ra8 20. Rc7 Nc5 21.
Bxb6 Bd8 22. Rc6 Bxb6 23. Rxb6 Rfd8 24. b4 Na4 25. Rc6 Nf4 26. Nc4 fxe4 27.
Bxe4 Nc3 0-1

[Event "FICS rated blitz game"]
[Site "FICS freechess.org"]
[Date "2018.01.29"]
[Round "?"]
[White "pokernut"]
[Black "AJAddison"]
[Result "0-1"]
[WhiteElo "1206"]
[BlackElo "1174"]
[PlyCount "56"]
[EventDate "2018.??.??"]
[EventType "blitz"]

1. e4 e5 2. Nf3 Nc6 3. c3 g6 4. Bd3 Bg7 5. O-O Nge7 6. Bc2 O-O 7. d4 exd4 8.
cxd4 d6 9. Nc3 b6 10. a3 Bb7 11. Be3 a6 12. d5 Ne5 13. Nxe5 dxe5 14. b4 f5 15.
f3 Qb8 16. Bd3 Rd8 17. Ne2 c6 18. Bxb6 Rd7 19. dxc6 Bxc6 20. Qb3+ Kh8 21. Bc5
Qd8 22. Bc4 Bb5 23. Bxb5 axb5 24. Nc3 f4 25. Rad1 Nc6 26. Nd5 Nd4 27. Qc3 Ne2+
28. Kh1 Nxc3 {White resigns} 0-1

[Event "FICS rated blitz game"]
[Site "FICS freechess.org"]
[Date "2018.01.29"]
[Round "?"]
[White "morts"]
[Black "karleinkarl"]
[Result "0-1"]
[WhiteElo "1196"]
[BlackElo "1114"]
[PlyCount "104"]
[EventDate "2018.??.??"]
[EventType "blitz"]

1. e4 e5 2. Nf3 Nc6 3. c3 Bc5 4. g3 Nf6 5. d3 h6 6. Bg2 d6 7. O-O Bg4 8. h3 Bh5
9. Nbd2 Qe7 10. Qb3 Bb6 11. a4 Na5 12. Qc2 Qe6 13. b4 Nc6 14. a5 Bxf2+ 15. Rxf2
a6 16. Bb2 O-O 17. d4 exd4 18. cxd4 Nxb4 19. Qxc7 Nd3 20. Nc4 Qxe4 21. Nxd6
Nxf2 22. Kxf2 Rac8 23. Qxc8 Rxc8 24. Nxe4 Nxe4+ 25. Ke3 Nxg3 26. Kf2 Nf5 27.
Ne5 Rc2+ 28. Kg1 Rxb2 29. Rf1 Ne3 30. Rf2 Rxf2 31. Kxf2 Nxg2 32. Kxg2 Kf8 33.
Kg3 Bd1 34. Kf4 Ke7 35. h4 Ke6 36. Nd3 Kd5 37. Ke3 Bc2 38. Nc5 Kc6 39. Kd2 Bf5
40. Kc3 Be6 41. Ne4 Bf5 42. Ng3 Be6 43. Ne4 Kb5 44. Nc5 Kc6 45. Kb4 Bh3 46. Kc4
f5 47. d5+ Kc7 48. Ne6+ Kd6 49. Nxg7 f4 50. Nh5 f3 51. Nf4 Bg4 52. Kd4 f2 0-1

[Event "FICS rated blitz game"]
[Site "FICS freechess.org"]
[Date "2018.01.29"]
[Round "?"]
[White "morts"]
[Black "romakan"]
[Result "0-1"]
[WhiteElo "1189"]
[BlackElo "1170"]
[PlyCount "56"]
[EventDate "2018.??.??"]
[EventType "blitz"]

1. e4 e5 2. Nf3 Nc6 3. c3 Nf6 4. d3 h6 5. g3 Bc5 6. Bg2 d6 7. O-O O-O 8. h4 Nh5
9. Nh2 Nxg3 10. d4 Nxf1 11. dxc5 Nxh2 12. Kxh2 Qxh4+ 13. Kg1 Bg4 14. Qd3 dxc5
15. Nd2 Rad8 16. Qc2 f5 17. f3 Bh3 18. Nb3 fxe4 19. fxe4 Qe1+ 20. Kh2 Rf2 21.
Nd2 Bxg2 22. Kg3 Rfxd2+ 23. Kg4 Rxc2 24. Bxh6 Qxa1 25. Bxg7 Qd1+ 26. Kf5 Kxg7
27. b4 Bh3+ 28. Kg5 Qg4# {White checkmated} 0-1

[Event "FICS rated blitz game"]
[Site "FICS freechess.org"]
[Date "2018.01.29"]
[Round "?"]
[White "HotCarl"]
[Black "franx"]
[Result "0-1"]
[WhiteElo "1515"]
[BlackElo "1325"]
[PlyCount "38"]
[EventDate "2018.??.??"]
[EventType "blitz"]

1. e4 e5 2. Nf3 Nc6 3. c3 Nf6 4. d4 exd4 5. cxd4 Nxe4 6. Bc4 d5 7. Bd3 Bf5 8.
O-O Be7 9. Ne5 Nd6 10. Nxc6 bxc6 11. Qc2 Bxd3 12. Qxd3 O-O 13. Nc3 Bf6 14. g3
Qd7 15. f4 Nf5 16. Na4 Bxd4+ 17. Kh1 Nxg3+ 18. Qxg3 Qf5 19. Be3 Qe4+ {White
resigns} 0-1

[Event "Turkish Cup 2018"]
[Site "Goynuk TUR"]
[Date "2018.01.28"]
[Round "3.152"]
[White "Duran, Kadir"]
[Black "Durmus, Kenan"]
[Result "0-1"]
[WhiteElo "1167"]
[BlackElo "1591"]
[PlyCount "78"]
[EventDate "2018.01.27"]
[SourceTitle "The Week in Chess 1212"]
[Source "Mark Crowther"]
[SourceDate "2018.01.29"]
[SourceVersion "2"]
[SourceVersionDate "2018.01.29"]
[SourceQuality "2"]
[WhiteTeam "TURK TELEKOM SPOR KULUBU-ANKARA"]
[BlackTeam "KOCAELI BUYUKSEHIR BELEDIYESI KAGIT"]

1. e4 e5 2. Nf3 Nc6 3. c3 Nf6 4. Bd3 Bc5 5. h3 O-O 6. O-O d6 7. Bc2 Qe7 8. d3
h6 9. d4 exd4 10. Re1 dxc3 11. Nxc3 Ne5 12. Nd5 Nxd5 13. exd5 Nxf3+ 14. gxf3
Qh4 15. Be3 Bxe3 16. Rxe3 Bxh3 17. Re4 Qg5+ 18. Rg4 Bxg4 19. fxg4 f5 20. f3
fxg4 21. fxg4 Rf4 22. Bf5 Rxf5 23. Qe2 Raf8 24. Qe6+ Kh8 25. Qxf5 Qe3+ 26. Kg2
Rxf5 27. gxf5 Qe4+ 28. Kg3 Qe5+ 29. Kg4 h5+ 30. Kg5 Qxd5 31. Kg6 Qg2+ 32. Kf7
h4 33. Re1 Qd5+ 34. Kg6 h3 35. f6 Qd3+ 36. Kf7 gxf6 37. Kxf6 Qd4+ 38. Kg5 Qe5+
39. Rxe5 dxe5 0-1

[Event "FICS rated blitz game"]
[Site "FICS freechess.org"]
[Date "2018.01.28"]
[Round "?"]
[White "Tensecterror"]
[Black "KIAUA"]
[Result "0-1"]
[WhiteElo "1327"]
[BlackElo "1324"]
[PlyCount "48"]
[EventDate "2018.??.??"]
[EventType "blitz"]

1. e4 e5 2. Nf3 Nc6 3. c3 Bc5 4. d4 exd4 5. cxd4 Bb4+ 6. Bd2 Bxd2+ 7. Qxd2 d5
8. e5 Bg4 9. Be2 Nge7 10. h3 Bh5 11. O-O O-O 12. Nc3 f5 13. e6 f4 14. Nh2 Bxe2
15. Qxe2 Qd6 16. f3 Nxd4 17. Qd3 Ndf5 18. Rae1 Ng3 19. Rf2 Nef5 20. Ng4 d4 21.
Ne4 Qxe6 22. Nxg3 Qxe1+ 23. Kh2 Nxg3 24. Qxd4 Qh1# {White checkmated} 0-1

[Event "FICS rated blitz game"]
[Site "FICS freechess.org"]
[Date "2018.01.28"]
[Round "?"]
[White "morts"]
[Black "Feestt"]
[Result "1-0"]
[WhiteElo "1180"]
[BlackElo "1207"]
[PlyCount "89"]
[EventDate "2018.??.??"]
[EventType "blitz"]

1. e4 e5 2. Nf3 Nc6 3. c3 Nf6 4. d3 Be7 5. g3 h6 6. Bg2 d6 7. O-O Be6 8. Nbd2
Qd7 9. h4 O-O-O 10. Kh2 g5 11. Qa4 gxh4 12. Nxh4 Ng4+ 13. Kg1 Bxh4 14. Nf3 Bf6
15. d4 d5 16. exd5 Bxd5 17. dxe5 Be7 18. c4 Be6 19. c5 a6 20. Bf4 Qe8 21. Bh3
Ngxe5 22. Nxe5 Bxh3 23. Rfe1 Nxe5 24. Qa5 Qb5 25. Qxb5 axb5 26. Rxe5 Rde8 27.
Rae1 Be6 28. Bd2 h5 29. Bc3 h4 30. c6 b6 31. Rxb5 hxg3 32. Bxh8 gxf2+ 33. Kxf2
Bh4+ 34. Kf1 Bxe1 35. Kxe1 Rxh8 36. a4 Rh1+ 37. Kf2 Rh2+ 38. Kg3 Rh6 39. a5
bxa5 40. Rxa5 Kd8 41. b4 Ke7 42. b5 Rg6+ 43. Kf4 Bd5 44. b6 cxb6 45. Rxd5 1-0

[Event "FICS rated blitz game"]
[Site "FICS freechess.org"]
[Date "2018.01.28"]
[Round "?"]
[White "proximab"]
[Black "Evashree"]
[Result "0-1"]
[WhiteElo "2079"]
[BlackElo "1720"]
[PlyCount "76"]
[EventDate "2018.??.??"]
[EventType "blitz"]

1. e4 e5 2. Nf3 Nc6 3. c3 Nf6 4. d4 exd4 5. e5 Qe7 6. cxd4 d6 7. Bb5 dxe5 8.
Bxc6+ bxc6 9. Nxe5 Ba6 10. Nc3 Nd7 11. Qg4 Nxe5 12. dxe5 Qxe5+ 13. Be3 Bd6 14.
O-O-O Bc8 15. Qf3 O-O 16. Qxc6 Rb8 17. Qe4 Qa5 18. Rd5 Qa6 19. Rh5 g6 20. Rh6
Ba3 21. Nd1 Bxb2+ 22. Nxb2 Qxa2 23. Qb1 Qa3 24. g4 Bxg4 25. Rg1 Bf5 26. Qxf5
Qxb2+ 27. Kd1 Rfd8+ 28. Ke1 Qa1+ 29. Ke2 Qxg1 30. Qc2 Rb2 31. Qd2 Rbxd2+ 32.
Bxd2 Qg4+ 33. Ke3 Qe6+ 34. Kf3 Rxd2 35. Rh4 Qe1 36. Kg4 Qe4+ 37. Kg3 Rd3+ 38.
f3 Qxf3# {White checkmated} 0-1

[Event "FICS rated blitz game"]
[Site "FICS freechess.org"]
[Date "2018.01.28"]
[Round "?"]
[White "sasfro"]
[Black "freshwater"]
[Result "0-1"]
[WhiteElo "1377"]
[BlackElo "1298"]
[PlyCount "66"]
[EventDate "2018.??.??"]
[EventType "blitz"]

1. e4 e5 2. Nf3 Nc6 3. c3 d5 4. exd5 Qxd5 5. d4 e4 6. Nfd2 Nf6 7. Bc4 Qh5 8.
Qxh5 Nxh5 9. Nxe4 Na5 10. Be2 Nf6 11. Nxf6+ gxf6 12. Bf4 Bd6 13. Bxd6 cxd6 14.
Nd2 Nc6 15. Nc4 Ke7 16. Bd3 b6 17. Ne3 Kd8 18. O-O-O a5 19. Nf5 Kc7 20. Be4 Bb7
21. d5 Ne5 22. Nd4 Ba6 23. f4 Nd7 24. Nc6 Nc5 25. Bf5 h5 26. Rhe1 Rhe8 27. b4
axb4 28. cxb4 Na4 29. Kc2 Be2 30. Rd2 Bg4 31. Rxe8 Rxe8 32. Kb3 b5 33. Na5 Bxf5
{White resigns} 0-1

[Event "FICS rated blitz game"]
[Site "FICS freechess.org"]
[Date "2018.01.28"]
[Round "?"]
[White "proximab"]
[Black "Samirg"]
[Result "1-0"]
[WhiteElo "2075"]
[BlackElo "943"]
[PlyCount "95"]
[EventDate "2018.??.??"]
[EventType "blitz"]

1. e4 e5 2. Nf3 Nc6 3. c3 d6 4. d4 Nh6 5. Bb5 Bd7 6. Bxh6 gxh6 7. Bxc6 Bxc6 8.
dxe5 d5 9. exd5 Qxd5 10. O-O O-O-O 11. Qxd5 Bxd5 12. Nbd2 Bxf3 13. Nxf3 Be7 14.
Rae1 b6 15. Nd4 Rhf8 16. Nc6 Rde8 17. Nxa7+ Kb7 18. Nb5 Bc5 19. b4 Be7 20. h3
Bg5 21. Re4 c6 22. Nd6+ Kc7 23. f4 Be7 24. Nxe8+ Rxe8 25. Rd1 c5 26. b5 Ra8 27.
Re2 Bh4 28. Rd6 Bg3 29. Rc6+ Kb7 30. Rd2 Rc8 31. Rd7+ Kb8 32. Rxb6+ Ka8 33.
Rxf7 Be1 34. c4 Bc3 35. Ra6+ Kb8 36. Rxh6 Bd4+ 37. Kh1 Rc7 38. e6 Kb7 39. Rhxh7
Kb6 40. Rxc7 Ka5 41. e7 Kb4 42. e8=Q Kxc4 43. b6 Kd3 44. b7 Kd2 45. b8=Q Kc2
46. Qe1 Kd3 47. Qb3+ Bc3 48. Qbxc3# {Black checkmated} 1-0

[Event "FICS rated blitz game"]
[Site "FICS freechess.org"]
[Date "2018.01.28"]
[Round "?"]
[White "makaka"]
[Black "Pawnshop"]
[Result "0-1"]
[WhiteElo "1630"]
[BlackElo "1637"]
[PlyCount "116"]
[EventDate "2018.??.??"]
[EventType "blitz"]

1. e4 e5 2. Nf3 Nc6 3. c3 Nf6 4. d3 d5 5. exd5 Nxd5 6. h3 Be7 7. c4 Nf6 8. Nc3
O-O 9. Be2 Bb4 10. O-O Bxc3 11. bxc3 e4 12. dxe4 Qxd1 13. Rxd1 Nxe4 14. Bb2 Be6
15. Nd4 Bd7 16. f3 Nf6 17. Nb5 Rfc8 18. c5 a6 19. Nd4 Re8 20. Kf2 Ne5 21. c4 c6
22. f4 Ng6 23. Nf3 Be6 24. g3 Ne4+ 25. Kg2 Nxc5 26. Bc1 Rad8 27. Rxd8 Rxd8 28.
g4 Ne7 29. f5 Bc8 30. Ba3 b6 31. Bxc5 bxc5 32. Rb1 Kf8 33. Rb6 f6 34. g5 fxg5
35. Nxg5 Nxf5 36. Rxc6 Nd4 37. Rxc5 Nxe2 38. Kf3 Nd4+ 39. Ke4 Ne6 40. Rf5+ Kg8
41. Nxe6 Bxe6 42. Rc5 Re8 43. Kd4 Bxh3 44. Rc6 Ra8 45. c5 g5 46. Rh6 g4 47. c6
Kg7 48. Rd6 g3 49. c7 Rc8 50. Rc6 g2 51. Rc1 Kg6 52. Ke5 Rxc7 53. Rxc7 g1=Q 54.
Rc6+ Kh5 55. Rxa6 Qe1+ 56. Kd4 Qb4+ 57. Ke5 Qb5+ 58. Ke4 Qxa6 {White resigns}
0-1

[Event "FICS rated standard game"]
[Site "FICS freechess.org"]
[Date "2018.01.28"]
[Round "?"]
[White "Leopoldt"]
[Black "makedonskipaul"]
[Result "1-0"]
[WhiteElo "1651"]
[BlackElo "1623"]
[PlyCount "87"]
[EventDate "2018.??.??"]

1. e4 e5 2. Nf3 Nc6 3. c3 d6 4. h3 Be7 5. Bb5 Bd7 6. Qa4 a6 7. Bxc6 Bxc6 8. Qc2
Nf6 9. d3 Bd7 10. O-O Qc8 11. Kh2 O-O 12. Bg5 Re8 13. Nbd2 Nh5 14. Bxe7 Rxe7
15. Nh4 Nf4 16. Nf5 Bxf5 17. exf5 Nd5 18. g4 Nf6 19. Ne4 Nxe4 20. dxe4 c6 21.
Rad1 Qc7 22. Rd2 f6 23. Rfd1 Rd8 24. b4 Red7 25. c4 b6 26. Qb3 c5 27. a3 b5 28.
cxb5+ Kf8 29. bxc5 Qxc5 30. a4 Rb7 31. Rc2 Qa7 32. Rc6 Qxf2+ 33. Kh1 d5 34. Rc2
Qa7 35. Rxd5 Rbd7 36. Qb4+ Ke8 37. b6 Qb7 38. Rcd2 Rxd5 39. Rxd5 Rxd5 40. exd5
Qxd5+ 41. Kh2 Kd7 42. b7 e4 43. b8=Q Qa2+ 44. Qb2 {Black resigns} 1-0

[Event "FICS rated blitz game"]
[Site "FICS freechess.org"]
[Date "2018.01.28"]
[Round "?"]
[White "Salaspils"]
[Black "capricornus"]
[Result "1-0"]
[WhiteElo "1310"]
[BlackElo "1321"]
[PlyCount "83"]
[EventDate "2018.??.??"]
[EventType "blitz"]

1. e4 e5 2. Nf3 Nc6 3. c3 d6 4. Bc4 Bg4 5. Qb3 Na5 6. Bxf7+ Ke7 7. Qb4 c6 8.
Nxe5 Bd7 9. Bxg8 Rxg8 10. Nxd7 Qxd7 11. Qxa5 b6 12. Qg5+ Ke8 13. Qh5+ Qf7 14.
Qxf7+ Kxf7 15. d4 g6 16. Bf4 Ke7 17. O-O Bg7 18. Bg5+ Kd7 19. Nd2 b5 20. Nf3
Rge8 21. Rfe1 Re6 22. e5 d5 23. h3 h6 24. Bh4 g5 25. Bg3 Rf8 26. a4 a6 27. axb5
cxb5 28. Ra5 Ra8 29. Nh2 h5 30. f4 gxf4 31. Bxf4 Bh6 32. Bxh6 Rxh6 33. Nf3 Ke6
34. Ng5+ Kf5 35. Nf7 Rg6 36. Rf1+ Ke4 37. Nd6+ Kd3 38. Nxb5 Rag8 39. Rf2 Kc4
40. Nd6+ Kb3 41. Rxa6 Rd8 42. Ra3# {Black checkmated} 1-0

[Event "FICS rated lightning game"]
[Site "FICS freechess.org"]
[Date "2018.01.28"]
[Round "?"]
[White "intihuantana"]
[Black "TWG"]
[Result "1-0"]
[WhiteElo "1968"]
[BlackElo "1852"]
[PlyCount "87"]
[EventDate "2018.??.??"]

1. e4 e5 2. Nf3 Nc6 3. c3 Bc5 4. d4 exd4 5. cxd4 Bb4+ 6. Nc3 d5 7. e5 Bg4 8. h3
Bh5 9. Be3 Nge7 10. Be2 Nf5 11. O-O Nxe3 12. fxe3 O-O 13. Qb3 Bxc3 14. bxc3 b6
15. a4 Na5 16. Qc2 c6 17. Bd3 Bg6 18. Nh4 Qxh4 19. Rf4 Bxd3 20. Qxd3 Qh6 21.
Raf1 Qg6 22. Qd2 Nc4 23. Qf2 h6 24. h4 Rae8 25. h5 Qxh5 26. Rh4 Qg6 27. Rf4 Re6
28. Qf3 Nd2 29. Qe2 Nxf1 30. Rxf1 f6 31. exf6 Rexf6 32. Re1 Qe4 33. Qh5 Rf5 34.
Qh3 Rg5 35. Re2 Qb1+ 36. Kh2 Qe4 37. Kg1 Rf6 38. Kh2 Kh7 39. Kg1 Rfg6 40. Kh1
Rxg2 41. Rxg2 Rxg2 42. Qxg2 Qxe3 43. Qg4 Qxc3 44. Qf5+ 1-0

[Event "FICS rated blitz game"]
[Site "FICS freechess.org"]
[Date "2018.01.28"]
[Round "?"]
[White "jbuky"]
[Black "Tajio"]
[Result "0-1"]
[WhiteElo "1409"]
[BlackElo "1586"]
[PlyCount "50"]
[EventDate "2018.??.??"]
[EventType "blitz"]

1. e4 e5 2. Nf3 Nc6 3. c3 Nf6 4. d4 d5 5. dxe5 Ng4 6. exd5 Bc5 7. Be3 Bxe3 8.
fxe3 Nxe3 9. Qd2 Nxd5 10. Bb5 O-O 11. Bxc6 bxc6 12. O-O Ba6 13. Re1 Qb8 14. b3
Rd8 15. c4 Qb6+ 16. Qf2 Qxf2+ 17. Kxf2 Ne7 18. Nc3 Ng6 19. Rad1 Nf4 20. Rxd8+
Rxd8 21. Kg3 Nd3 22. Re3 Nc5 23. Ng5 Bc8 24. Nge4 Ne6 25. h3 h6 0-1

[Event "FICS rated blitz game"]
[Site "FICS freechess.org"]
[Date "2018.01.28"]
[Round "?"]
[White "Feestt"]
[Black "sdarjee"]
[Result "1-0"]
[WhiteElo "1178"]
[BlackElo "1202"]
[PlyCount "31"]
[EventDate "2018.??.??"]
[EventType "blitz"]

1. e4 e5 2. Nf3 Nc6 3. c3 d5 4. exd5 Qxd5 5. c4 Qd8 6. d3 Bb4+ 7. Nc3 h6 8. a3
Bxc3+ 9. bxc3 Nf6 10. Be2 O-O 11. O-O Bf5 12. h3 Qe7 13. Re1 Rfd8 14. Qb3 Rab8
15. d4 exd4 16. Bd3 1-0

[Event "FICS rated standard game"]
[Site "FICS freechess.org"]
[Date "2018.01.28"]
[Round "?"]
[White "piaanist"]
[Black "mingobillares"]
[Result "0-1"]
[WhiteElo "1478"]
[BlackElo "1447"]
[PlyCount "110"]
[EventDate "2018.??.??"]

1. e4 e5 2. Nf3 Nc6 3. c3 h6 4. Bb5 a6 5. Ba4 b5 6. Bb3 Nf6 7. d3 Bc5 8. O-O a5
9. Re1 O-O 10. Bc2 b4 11. d4 exd4 12. cxd4 Bd6 13. e5 Bxe5 14. dxe5 Nh7 15. Qd3
g6 16. Bxh6 Re8 17. Nbd2 Ba6 18. Qe4 Nf6 19. exf6 Rxe4 20. Rxe4 Qxf6 21. Rb1 d5
22. Rg4 Qd6 23. Bb3 Bd3 24. Rc1 Re8 25. h3 Bf5 26. Bf4 Qd7 27. Rg3 d4 28. Rc5
d3 29. Bxc7 Qxc7 30. Rxf5 Ne5 31. Nxe5 Rxe5 32. Rxe5 Qxe5 33. Rxg6+ Kh7 34.
Bxf7 Qe1+ 35. Kh2 Qxd2 36. Rg3 Qxf2 37. Bb3 Qxb2 38. Rxd3 Qe5+ 39. Kh1 Qe1+ 40.
Kh2 Qe5+ 41. Kh1 Qe1+ 42. Kh2 Qe4 43. Rd5 a4 44. Rd7+ Kh6 45. Bxa4 Qe5+ 46. Kh1
Qa1+ 47. Kh2 Qxa2 48. Bd1 Qe6 49. Rb7 Qe5+ 50. Kh1 Qe1+ 51. Kh2 Qxd1 52. Rxb4
Qd6+ 53. Kh1 Qxb4 54. Kh2 Kg5 55. Kg3 Qf4# {White checkmated} 0-1

[Event "FICS rated blitz game"]
[Site "FICS freechess.org"]
[Date "2018.01.28"]
[Round "?"]
[White "morts"]
[Black "bermarioit"]
[Result "1-0"]
[WhiteElo "1187"]
[BlackElo "1266"]
[PlyCount "89"]
[EventDate "2018.??.??"]
[EventType "blitz"]

1. e4 e5 2. Nf3 Nc6 3. c3 Bc5 4. g3 Nf6 5. d3 Ng4 6. d4 exd4 7. cxd4 Bb6 8. Bg2
O-O 9. O-O Re8 10. e5 f6 11. exf6 Qxf6 12. Bg5 Qf5 13. Nbd2 d5 14. Qb3 Be6 15.
Bf4 Nxd4 16. Nxd4 Bxd4 17. Nf3 g5 18. Nxd4 Qg6 19. Bxc7 Nxh2 20. Bxd5 Bxd5 21.
Qxd5+ Kh8 22. Kxh2 Qh5+ 23. Kg2 h6 24. Nf5 Rac8 25. Be5+ Kh7 26. Qd7+ Kg6 27.
Qg7+ Kxf5 28. Qf6+ Ke4 29. Rae1+ Kd5 30. Qd6+ Kc4 31. Rc1+ Kb5 32. Rxc8 Rxc8
33. Qd7+ Rc6 34. a4+ Kb6 35. Bd4+ Ka6 36. Be3 Qg6 37. b4 b5 38. axb5+ Kxb5 39.
Qb7+ Ka4 40. Qxa7+ Kxb4 41. Bd2+ Kc4 42. Qa2+ Kd3 43. Be3 Qe4+ 44. Kg1 Qf3 45.
Qb3+ 1-0

[Event "FICS rated lightning game"]
[Site "FICS freechess.org"]
[Date "2018.01.28"]
[Round "?"]
[White "kungzeb"]
[Black "rossoscuro"]
[Result "0-1"]
[WhiteElo "1819"]
[BlackElo "1944"]
[PlyCount "60"]
[EventDate "2018.??.??"]

1. e4 e5 2. Nf3 Nc6 3. c3 d5 4. exd5 Qxd5 5. d4 e4 6. Nfd2 f5 7. Bc4 Qd8 8. Qb3
Nf6 9. Bf7+ Ke7 10. O-O Qd6 11. Nc4 Qd7 12. Ne5 Nxe5 13. dxe5 Ng4 14. e6 Qc6
15. Bg5+ Nf6 16. Nd2 Bxe6 17. Bxe6 Qxe6 18. Qxb7 Re8 19. Nb3 Qb6 20. Qxb6 axb6
21. Rad1 Kf7 22. h4 Bd6 23. Rd2 h6 24. Bxf6 Kxf6 25. Nd4 g5 26. hxg5+ hxg5 27.
g3 f4 28. Nb5 Bc5 29. gxf4 gxf4 30. Nxc7 Reg8# {White checkmated} 0-1

[Event "FICS rated blitz game"]
[Site "FICS freechess.org"]
[Date "2018.01.28"]
[Round "?"]
[White "Sccorpionn"]
[Black "DenisBarin"]
[Result "0-1"]
[WhiteElo "1102"]
[BlackElo "1437"]
[PlyCount "64"]
[EventDate "2018.??.??"]
[EventType "blitz"]

1. e4 e5 2. Nf3 Nc6 3. c3 Bc5 4. d4 exd4 5. cxd4 Bb6 6. Be3 Nce7 7. Nc3 c6 8.
g4 d5 9. e5 Bxg4 10. h3 Bh5 11. Be2 Nf5 12. Qd3 Nxe3 13. Qxe3 Ne7 14. Qg5 Bg6
15. h4 h6 16. Qf4 O-O 17. h5 Bh7 18. Rg1 Nf5 19. Bd3 Ne7 20. Bxh7+ Kxh7 21.
O-O-O c5 22. Nb5 a6 23. Nd6 cxd4 24. Nxd4 Qd7 25. Nxf7 Nc6 26. Qf5+ Qxf5 27.
Nxf5 Rxf7 28. Nd6 Rxf2 29. Rxd5 Rh2 30. e6 Bxg1 31. Nf5 Rxh5 32. Rd7 Rxf5 {
White resigns} 0-1

[Event "FICS rated standard game"]
[Site "FICS freechess.org"]
[Date "2018.01.28"]
[Round "?"]
[White "FyFazan"]
[Black "gercole"]
[Result "1-0"]
[WhiteElo "1675"]
[BlackElo "1637"]
[PlyCount "119"]
[EventDate "2018.??.??"]

1. e4 e5 2. Nf3 Nc6 3. c3 Nf6 4. d3 d5 5. exd5 Nxd5 6. c4 Nf6 7. Nc3 Bg4 8. h3
Be6 9. Ng5 Qd7 10. Nxe6 Qxe6 11. Be2 O-O-O 12. a4 Bc5 13. O-O Kb8 14. a5 h5 15.
a6 b6 16. Bf3 g5 17. Nd5 g4 18. Nxf6 Qxf6 19. Bxc6 Qxc6 20. h4 Rhg8 21. g3 f5
22. Bg5 Rdf8 23. Re1 Qd6 24. Qd2 e4 25. Bf4 Qf6 26. dxe4 fxe4 27. Qd5 Kc8 28.
Qb7+ Kd7 29. Rad1+ Ke8 30. Qc8+ Kf7 31. Qxc7+ Kg6 32. Rxe4 Rf7 33. Qe5 Qxe5 34.
Rxe5 Rgf8 35. Rg5+ Kh7 36. Rxh5+ Kg6 37. Rg5+ Kh6 38. Rxg4+ Kh7 39. Rd5 Rf5 40.
Rxf5 Rxf5 41. Kg2 Rf7 42. Bb8 Rd7 43. Re4 Rd2 44. Bxa7 Rxf2+ 45. Kh3 Rxb2 46.
Re6 Ra2 47. Bxb6 Rxa6 48. Re5 Bxb6 49. Re6 Kg7 50. c5 Kf7 51. Rxb6 Ra8 52. c6
Rc8 53. g4 Ke7 54. h5 Kd6 55. Ra6 Rxc6 56. Rxc6+ Kxc6 57. Kh4 Kd6 58. Kg5 Ke7
59. Kg6 Kf8 60. Kh7 1-0

[Event "FICS rated blitz game"]
[Site "FICS freechess.org"]
[Date "2018.01.28"]
[Round "?"]
[White "bhekisipho"]
[Black "AnderssenA"]
[Result "0-1"]
[WhiteElo "893"]
[BlackElo "2497"]
[PlyCount "28"]
[EventDate "2018.??.??"]
[EventType "blitz"]

1. e4 e5 2. Nf3 Nc6 3. c3 d5 4. d3 dxe4 5. dxe4 Qxd1+ 6. Kxd1 Bc5 7. Be3 Bxe3
8. fxe3 Nf6 9. Bd3 Be6 10. Ke2 Nd7 11. Rd1 f6 12. Kf1 Nc5 13. Bc2 a5 14. Nbd2
O-O-O 0-1

[Event "FICS rated blitz game"]
[Site "FICS freechess.org"]
[Date "2018.01.28"]
[Round "?"]
[White "happyholligan"]
[Black "AndrewAJ"]
[Result "0-1"]
[WhiteElo "1697"]
[BlackElo "1658"]
[PlyCount "62"]
[EventDate "2018.??.??"]
[EventType "blitz"]

1. e4 e5 2. Nf3 Nc6 3. c3 Bc5 4. d3 d6 5. Qc2 Bg4 6. Be3 Bb6 7. Nbd2 h6 8. h3
Bh5 9. g4 Bg6 10. Bg2 h5 11. gxh5 Bxh5 12. d4 Nf6 13. d5 Ne7 14. Bxb6 axb6 15.
a3 Qd7 16. O-O-O Ng6 17. Bf1 Nf4 18. Kb1 Bg6 19. Re1 N6xd5 20. Qb3 Nf6 21. Bc4
c6 22. Ng5 O-O 23. Reg1 d5 24. Bd3 Nxd3 25. Ka2 Nc5 26. Qb4 Ra4 27. Qxb6 Ncxe4
28. Ndxe4 Nxe4 29. Nxe4 Bxe4 30. Rh2 d4 31. Qb3 Bd5 {White resigns} 0-1

[Event "FICS rated standard game"]
[Site "FICS freechess.org"]
[Date "2018.01.28"]
[Round "?"]
[White "piaanist"]
[Black "funheizen"]
[Result "1-0"]
[WhiteElo "1461"]
[BlackElo "1410"]
[PlyCount "49"]
[EventDate "2018.??.??"]

1. e4 e5 2. Nf3 Nc6 3. c3 Bc5 4. b4 Bb6 5. d3 h6 6. Na3 d6 7. Nc4 Nf6 8. Qa4
Bd7 9. Qc2 O-O 10. Be2 Bg4 11. Nh4 Bxe2 12. Qxe2 d5 13. exd5 Nxd5 14. Nf5 Nxc3
15. Qd2 Bd4 16. Nxh6+ gxh6 17. Qxh6 Ne7 18. Bg5 Ne4 19. dxe4 Bxa1 20. O-O Bd4
21. Bf6 Bxf2+ 22. Rxf2 Qd1+ 23. Rf1 Qg4 24. h3 Qg6 25. Qh8# {Black checkmated}
1-0